Southville International School and Colleges
Your cart is empty.
  • Cart
  • Lists
    Public lists Eva Luna New books Lux_list list_1
    Your lists Log in to create your own lists
  • Log in to your account
  • Your cookies
  • Search history
Southville International School and Colleges
  • Advanced search
  • Recent comments
  • Most popular
  • Libraries

Log in to your account

Log in with GOOGLE


If you do not have an external account, but do have a local account, you can still log in:

  1. Home
  2. MARC view: The art and science of teaching : a comprehensive framework for effective instruction /
Normal view MARC view ISBD view

The art and science of teaching : a comprehensive framework for effective instruction / (Record no. 12544)

[ view plain ]
MARC details
000 -LEADER
fixed length control field 01373cam a22003374a 4500
001 - CONTROL NUMBER
control field 14735167
003 - CONTROL NUMBER IDENTIFIER
control field OSt
005 - DATE AND TIME OF LATEST TRANSACTION
control field 20160601135007.0
008 - FIXED-LENGTH DATA ELEMENTS--GENERAL INFORMATION
fixed length control field 070215s2007 vaua b 001 0 eng
010 ## - LIBRARY OF CONGRESS CONTROL NUMBER
LC control number 2007005994
020 ## - INTERNATIONAL STANDARD BOOK NUMBER
International Standard Book Number 9781416605713 (pbk. : alk. paper)
040 ## - CATALOGING SOURCE
Original cataloging agency DLC
Transcribing agency DLC
Modifying agency DLC
042 ## - AUTHENTICATION CODE
Authentication code pcc
043 ## - GEOGRAPHIC AREA CODE
Geographic area code n-us---
050 00 - LIBRARY OF CONGRESS CALL NUMBER
Classification number LB 1025.3
Item number .M3387 2007
082 00 - DEWEY DECIMAL CLASSIFICATION NUMBER
Classification number GLT 371.102
Item number MAR 2007
100 1# - MAIN ENTRY--PERSONAL NAME
Personal name Marzano, Robert J.
9 (RLIN) 22370
245 14 - TITLE STATEMENT
Title The art and science of teaching : a comprehensive framework for effective instruction /
Statement of responsibility, etc Robert J. Marzano.
260 ## - PUBLICATION, DISTRIBUTION, ETC. (IMPRINT)
Place of publication, distribution, etc Alexandria, Va. :
Name of publisher, distributor, etc Association for Supervision and Curriculum Development,
Date of publication, distribution, etc 2007.
300 ## - PHYSICAL DESCRIPTION
Extent 221 p. :
Other physical details ill. ;
Dimensions 23 cm.
500 ## - GENERAL NOTE
General note Includes bibliographical references (p. 193-212) and index.
650 #0 - SUBJECT ADDED ENTRY--TOPICAL TERM
Topical term or geographic name as entry element Effective teaching
Geographic subdivision United States.
9 (RLIN) 22505
650 #0 - SUBJECT ADDED ENTRY--TOPICAL TERM
Topical term or geographic name as entry element Classroom management
Geographic subdivision United States.
9 (RLIN) 22506
650 #0 - SUBJECT ADDED ENTRY--TOPICAL TERM
Topical term or geographic name as entry element Teaching
General subdivision Aids and devices.
9 (RLIN) 22507
650 #0 - SUBJECT ADDED ENTRY--TOPICAL TERM
Topical term or geographic name as entry element Learning, Psychology of.
9 (RLIN) 23
856 41 - ELECTRONIC LOCATION AND ACCESS
Materials specified Table of contents only
Uniform Resource Identifier <a href="http://www.loc.gov/catdir/toc/ecip0711/2007005994.html">http://www.loc.gov/catdir/toc/ecip0711/2007005994.html</a>
906 ## - LOCAL DATA ELEMENT F, LDF (RLIN)
a 7
b cbc
c orignew
d 1
e ecip
f 20
g y-gencatlg
942 ## - ADDED ENTRY ELEMENTS (KOHA)
Source of classification or shelving scheme Library of Congress Classification
Koha item type Books
Holdings
Withdrawn status Lost status Source of classification or shelving scheme Damaged status Home library Current library Shelving location Date acquired Source of acquisition Total Checkouts Full call number Barcode Date last seen Copy number Price effective from Koha item type
    Library of Congress Classification   Luxembourg Library Luxembourg Library Genevive Ledesma - Tan Section 10/01/2013 Donation   LB 1025.3 .M3387 2007 15228 10/01/2013 1 10/01/2013 Books

The art and science of teaching : a comprehensive framework for effective instruction /

APA

Marzano R. J., . (2007). The art and science of teaching : a comprehensive framework for effective instruction. Alexandria, Va: Association for Supervision and Curriculum Development.

Chicago

Marzano Robert J, . 2007. The art and science of teaching : a comprehensive framework for effective instruction. Alexandria, Va: Association for Supervision and Curriculum Development.

Harvard

Marzano R. J., . (2007). The art and science of teaching : a comprehensive framework for effective instruction. Alexandria, Va: Association for Supervision and Curriculum Development.

MLA

Marzano Robert J, . The art and science of teaching : a comprehensive framework for effective instruction. Alexandria, Va: Association for Supervision and Curriculum Development. 2007.

  • Place hold
  • Print
  • Cite
  • Add to your cart (remove)
  • Save record
    BIBTEX Dublin Core MARCXML MARC (non-Unicode/MARC-8) MARC (Unicode/UTF-8) MARC (Unicode/UTF-8, Standard) MODS (XML) RIS
  • More searches
    Search for this title in:
    Other Libraries (WorldCat) Other Databases (Google Scholar) Online Stores (Bookfinder.com) Open Library (openlibrary.org)

Exporting to Dublin Core...

SOUTHVILLE LIBRARY

Southville International School and Colleges Library

1281 Tropical Ave. Cor. Luxembourg St., BF Homes International, Las Pinas City

Tel. No. 8256374 / 252358 Loc. 117/146

Powered by Koha